000 00939cam a2200241 i 4500
003 SA-RiAUC
005 20250506054140.0
008 250505s1994 su g i 000 0 ara c
040 _aSA-RIMASH
_bara
_cSA-RiAUC
_erda
043 _aa-su---
082 0 4 _a051.016
090 _a051.016
_bق ح ط
100 1 _aالقحطاني، عبد الله سالم موسى
_eمؤلف.
245 1 2 _aالكشاف الجامع لمجلة المنهل السعودية 1355-1401 هـ /
_cعبد الله سالم القحطاني.
264 1 _aالرياض :
_bمكتبة الملك فهد الوطنية،
_c1994
300 _a466 صفحة ؛
_c24 سم
336 _aنص
_btxt
_2rdacontent
_3كتاب
337 _aبدون وسيط
_bn
_2rdamedia
338 _aمجلد
_bnc
_2rdacarrier
650 7 _aالدوريات العربية
_zالسعودية
_vكشافات
_2aucsh
942 _2ddc
_cBOOK
_n0
949 _aSA-JeALM
_d250505
_umohamedma123
_n1
999 _c7631
_d7631